000
00404nam a2200157Ia 4500
008
100122s9999 xx 000 0 und d
082
_b
76217
_a
BM001
100
_a
फळणीकर मृणालिणी
245
_a
नुमजे मनी
250
_a
1
260
_c
1997
300
_a
40
630
_a
नुमजे मनी
730
_a
नुमजे मनी
942
_c
BOOK
999
_c
392710
_d
392707